| 000 | 00343nam a2200121Ia 4500 | ||
|---|---|---|---|
| 008 | 220204s9999 xx 000 0 und d | ||
| 020 | _a0821363786 | ||
| 082 |
_a581.5:33 _bWOR |
||
| 245 | 0 | _aHow much s an ecosystem worth ? Assessing the economic value of conversion | |
| 260 |
_aWashington _c2005 |
||
| 650 | _aEcosystem services | ||
| 942 | _cBK | ||
| 999 |
_c42507 _d42507 |
||